Los 21 países con nombres mas largos - Estadísticas

Estadísticas generales
  • Esta prueba ha sido intentada 97 veces
    86 desde el último reinicio
  • La puntuación promedio es 15 de 21
Estadísticas de respuestas
Número de letras País % Correcto
28 República Democrática del Congo
94%
13 Estados Unidos
90%
20 Emiratos Árabes Unidos
87%
17 República del Congo
87%
19 República Dominicana
82%
23 República Centroafricana
81%
28 Estados Federados de Micronesia
79%
16 Papúa Nueva Guinea
74%
15 Trinidad y Tobago
74%
19 San Cristobal y Nieves
73%
24 San Vicente y Las Granadinas
73%
13 Corea del Norte
69%
18 Santo Tomé y Príncipe
69%
15 Antigua y Barbuda
68%
13 Islas Marshall
68%
17 Macedonia del Norte
65%
14 República Checa
63%
16 Guinea Ecuatorial
55%
17 Ciudad del Vaticano
52%
18 Bosnia y Herzegovina
50%
13 Timor Oriental
42%
No se encontraron pruebas coincidentes
Distribución de puntuación
Porcentaje de gente con cada puntuación
Porcentaje por número respondido
Historial de tus puntuaciones
No has intentado esta prueba desde el último reinicio